| 000 | 01809cam a22004217a 4500 | ||
|---|---|---|---|
| 999 |
_c529734 _d529734 |
||
| 001 | 13760916 | ||
| 003 | NUST | ||
| 005 | 20191002124507.0 | ||
| 008 | 041025s2000 dcua g b f000 0 eng c | ||
| 010 | _a 00130209 | ||
| 020 | _a0309068630 | ||
| 035 | _a(OCoLC)ocm43884225 | ||
| 038 | _aMSOHAIL | ||
| 040 |
_aTRL _cTRL _dDAY _dIQU _dDLC |
||
| 042 | _apcc | ||
| 050 | 0 | 0 |
_aTE275 _b.H83 2000 |
| 082 | _a0 | ||
| 100 | 1 |
_aHuber, Gerald A. _922390 |
|
| 245 | 1 | 0 |
_aPerformance survey on open-graded friction course mixes / _cGerald Huber. |
| 260 |
_aWashington, D.C. : _bNational Academy Press, _c2000. |
||
| 300 |
_a38 p. : _bill. ; _c28 cm. |
||
| 440 | 0 |
_aSynthesis of highway practice, _x0547-5570 ; _v284 _922391 |
|
| 500 | _a"Project 20-5 FY 1997 (topic 29-03)"--T.p. verso. | ||
| 500 | _aAt head of title: National Cooperative Highway Research Program. | ||
| 500 | _a"Transportation Research Board, National Research Council." | ||
| 500 | _a"Research sponsored by the American Association of State Highway and Transportation Officials in cooperation with the Federal Highway Administration." | ||
| 504 | _aIncludes bibliographical references (p. 32-33). | ||
| 650 | 0 |
_aPavements, Asphalt _xStandards. _922392 |
|
| 650 | 0 |
_aPavements _xOverlays _xStandards. _922393 |
|
| 650 | 0 |
_aPavements _xPerformance. _922394 |
|
| 710 | 2 |
_aNational Cooperative Highway Research Program. _920864 |
|
| 710 | 2 |
_aNational Research Council (U.S.). _bTransportation Research Board. _922395 |
|
| 710 | 2 |
_aAmerican Association of State Highway and Transportation Officials. _919553 |
|
| 710 | 1 |
_aUnited States. _bFederal Highway Administration. _920149 |
|
| 906 |
_a7 _bcbc _cpccadap _d2 _eepcn _f20 _gy-gencatlg |
||
| 942 |
_2ddc _cBK |
||